[Event "Isle of Wight op"]
[Site "Ryde"]
[Date "2024.04.21"]
[Round "4"]
[White "Bezuidenhout, Roland Reinhold"]
[Black "Arkell, Keith C"]
[Result "0-1"]
[WhiteElo "2273"]
[BlackElo "2362"]
[PlyCount "118"]
[EventDate "2024.04.19"]
[EventType "swiss"]
[EventRounds "5"]
[EventCountry "ENG"]
[SourceTitle "CB17_2024"]
[SourceDate "2024.04.24"]
[SourceVersion "1"]
[SourceVersionDate "2024.04.24"]
[SourceQuality "1"]

1. e4 c6 2. d4 d5 3. e5 Na6 4. Be2 Bf5 5. Nf3 e6 6. c3 Nc7 7. 0-0 Ne7 8. Na3 Bg6 9. Nc2 Nf5 10. Nfe1 h5 11. Nd3 h4 12. a4 a5 13. b4 axb4 14. cxb4 Be7 15. Nf4 Bh7 16. Bd3 Nh6 17. Bxh7 Rxh7 18. Qd3 Nf5 19. g4 hxg3 20. hxg3 g5 21. Ne2 Kd7 22. Kg2 Qh8 23. Rg1 Rh2+ 24. Kf1 Qh7 25. Ra3 Qh3+ 26. Ke1 f6 27. exf6 Bxf6 28. Be3 Be7 29. Ra1 Nd6 30. Nc1 Ne4 31. Qf1 Qxf1+ 32. Rxf1 Nxg3 33. Rg1 Ne4 34. Nd3 Bd6 35. Ke2 Rg8 36. Nce1 g4 37. Rg2 Rh1 38. Ra3 b6 39. Bf4 Bxf4 40. Nxf4 Nd6 41. Nfd3 Nc4 42. Ra1 Rh4 43. Nc2 Kd6 44. Ne3 g3 45. f4 Rh2 46. Rag1 Ra8 47. Ne5 Nxe3 48. Kxe3 Rxg2 49. Rxg2 Rxa4 50. Rc2 Ra3+ 51. Ke2 Nb5 52. Rxc6+ Ke7 53. Kf1 Kf6 54. Rxb6 Nxd4 55. Rb8 Kf5 56. Rf8+ Ke4 57. Kg2 Nf5 58. b5 Ra2+ 59. Kg1 Nh4 0-1

[Event "Southend op"]
[Site "Southend"]
[Date "2024.03.30"]
[Round "5"]
[White "Bezuidenhout, Roland Reinhold"]
[Black "Ribeiro, Gustavo"]
[Result "1/2-1/2"]
[WhiteElo "2273"]
[BlackElo "2220"]
[PlyCount "102"]
[EventDate "2024.03.28"]
[EventType "swiss"]
[EventRounds "9"]
[EventCountry "ENG"]
[SourceTitle "CB14_2024"]
[SourceDate "2024.04.01"]
[SourceVersion "1"]
[SourceVersionDate "2024.04.01"]
[SourceQuality "1"]

1. e4 e5 2. Nf3 Nc6 3. Bc4 Nf6 4. d3 Be7 5. a4 d6 6. c3 0-0 7. Nbd2 Na5 8. Ba2 c5 9. 0-0 Nc6 10. Re1 Be6 11. Nc4 h6 12. Ne3 Re8 13. Bxe6 fxe6 14. Nf1 Qd7 15. Ng3 Rac8 16. h3 a6 17. Nh2 Kh7 18. Ng4 Rf8 19. Be3 d5 20. Bd2 Rcd8 21. exd5 Qxd5 22. Nxf6+ Rxf6 23. Be3 Rg6 24. Qc2 Nb8 25. Rad1 Bh4 26. Ne4 Nd7 27. g3 Rf8 28. Kh2 Bd8 29. Qe2 Nf6 30. Nxc5 Be7 31. b4 b6 32. Nxa6 Qb7 33. b5 Nd5 34. Bd2 Nf4 35. Bxf4 exf4 36. Qe4 fxg3+ 37. fxg3 Rf2+ 38. Kg1 Qxe4 39. Rxe4 Rc2 40. g4 Rxc3 41. Rde1 Bh4 42. Rd1 Rf6 43. Rf1 Rxd3 44. Rxf6 Bxf6 45. Rxe6 Rxh3 46. Rxb6 Rg3+ 47. Kf2 Rxg4 48. Rxf6 gxf6 49. b6 Rxa4 50. b7 Ra2+ 51. Kf3 Rb2 1/2-1/2

[Event "London Mindsports op"]
[Site "London"]
[Date "2023.09.15"]
[Round "6"]
[White "Bezuidenhout, Roland Reinhold"]
[Black "Harvey, Marcus Ross"]
[Result "1/2-1/2"]
[WhiteElo "2267"]
[BlackElo "2480"]
[PlyCount "113"]
[EventDate "2023.09.13"]
[EventType "swiss"]
[EventRounds "9"]
[EventCountry "ENG"]
[SourceTitle "EXT 2024"]
[Source "ChessBase"]
[SourceDate "2023.10.10"]
[SourceVersion "1"]
[SourceVersionDate "2023.10.10"]
[SourceQuality "1"]

1. c4 b6 2. d4 e6 3. a3 Nf6 4. Nc3 d5 5. cxd5 Nxd5 6. e4 Nxc3 7. bxc3 Bb7 8. Bd3 Be7 9. Nf3 c5 10. 0-0 0-0 11. Qe2 Qc7 12. Be3 Nd7 13. a4 Rfc8 14. Nd2 Nf6 15. f3 cxd4 16. cxd4 Bb4 17. Nc4 Nd7 18. Rab1 a5 19. Rfc1 Qd8 20. Bd2 Be7 21. Kh1 Ba6 22. e5 Bxc4 23. Rxc4 Rxc4 24. Bxc4 Rc8 25. Bd3 g6 26. Be4 Qc7 27. Qb5 Nf8 28. h3 Bd8 29. Rc1 Qd7 30. Rxc8 Qxc8 31. Qe8 Qd7 32. Qxd7 Nxd7 33. Bc6 Nf8 34. f4 h5 35. g4 hxg4 36. hxg4 f5 37. Be8 fxg4 38. Kg2 Bh4 39. Be3 Kg7 40. Bf2 g5 41. fxg5 Ng6 42. Bxh4 Nxh4+ 43. Kg3 Nf5+ 44. Kxg4 Nxd4 45. Kf4 Kf8 46. Ke4 Nb3 47. Bc6 Nc5+ 48. Kd4 Kf7 49. Kc4 Kg6 50. Kb5 Nxa4 51. Kxa4 Kxg5 52. Kb5 Kf4 53. Kxb6 Kxe5 54. Kxa5 Kd4 55. Kb4 e5 56. Kb3 e4 57. Bxe4 1/2-1/2

[Event "London Mindsports op"]
[Site "London"]
[Date "2023.09.13"]
[Round "1"]
[White "Bezuidenhout, Roland Reinhold"]
[Black "Haldorsen, Benjamin"]
[Result "0-1"]
[WhiteElo "2267"]
[BlackElo "2460"]
[PlyCount "146"]
[EventDate "2023.09.13"]
[EventType "swiss"]
[EventRounds "9"]
[EventCountry "ENG"]
[SourceTitle "EXT 2024"]
[Source "ChessBase"]
[SourceDate "2023.10.10"]
[SourceVersion "1"]
[SourceVersionDate "2023.10.10"]
[SourceQuality "1"]

1. c4 e5 2. g3 c6 3. d4 e4 4. Bg2 d5 5. Nc3 Nf6 6. cxd5 cxd5 7. Bg5 Nbd7 8. Qb3 Bd6 9. Nh3 h6 10. Bf4 Bxf4 11. Nxf4 Nb6 12. e3 g5 13. Nfe2 0-0 14. h3 Bf5 15. g4 Bg6 16. Ng3 Re8 17. Bf1 Rc8 18. Be2 Re7 19. Rc1 Rec7 20. 0-0 Kg7 21. Rce1 Nc4 22. Bxc4 Rxc4 23. f4 exf3 24. Rxf3 Ne4 25. Ncxe4 dxe4 26. Rf2 Rc1 27. Rxc1 Rxc1+ 28. Kg2 b6 29. Qb5 Qd6 30. Nf5+ Bxf5 31. Qxf5 Qe6 32. Qxe6 fxe6 33. Rf1 Rc4 34. a3 a5 35. Rf2 b5 36. Rf1 b4 37. axb4 Rxb4 38. Rf2 Rb3 39. Re2 Kf6 40. Kf2 Rd3 41. Rc2 Rb3 42. Ke2 a4 43. Kd2 Kg6 44. Ke2 h5 45. Rd2 h4 46. Rc2 Kf6 47. Rd2 Ke7 48. Rc2 Kd6 49. Kd2 Kd7 50. Ke2 Ke7 51. Kd2 Kd6 52. Ke2 Rb8 53. Kf2 Rf8+ 54. Kg2 Rf3 55. Rc3 Rg3+ 56. Kh2 e5 57. dxe5+ Kxe5 58. Ra3 Kd5 59. Rxa4 Rxe3 60. Ra5+ Kd4 61. Rxg5 Re2+ 62. Kg1 Rxb2 63. Rg8 Ke5 64. Rf8 Rb3 65. Kh2 Rg3 66. Re8+ Kd4 67. Rd8+ Kc3 68. Rc8+ Kd2 69. Rd8+ Ke1 70. Re8 e3 71. g5 e2 72. Ra8 Kf2 73. Ra2 Kf1 0-1

[Event "London Psyon"]
[Site "London"]
[Date "2023.08.11"]
[Round "9"]
[White "Bremner, Adam"]
[Black "Bezuidenhout, Roland Reinhold"]
[Result "0-1"]
[WhiteElo "2176"]
[BlackElo "2248"]
[PlyCount "152"]
[EventDate "2023.08.07"]
[EventType "tourn"]
[EventRounds "9"]
[EventCountry "ENG"]
[SourceTitle "CBM 215 Extra"]
[Source "ChessBase"]
[SourceDate "2023.09.30"]
[SourceVersion "1"]
[SourceVersionDate "2023.09.30"]
[SourceQuality "1"]

1. d4 Nf6 2. c4 d6 3. Nc3 Nbd7 4. e4 e5 5. Nf3 Be7 6. Be2 0-0 7. 0-0 c6 8. Qc2 Qc7 9. Bg5 Re8 10. d5 h6 11. Bh4 Nf8 12. Rfd1 c5 13. a3 g5 14. Bg3 Ng6 15. Nxe5 dxe5 16. d6 Bxd6 17. Nb5 Qe7 18. Nxd6 Rd8 19. Nf5 Bxf5 20. exf5 Nf4 21. Rxd8+ Rxd8 22. Rd1 Rxd1+ 23. Qxd1 e4 24. Bf1 Kg7 25. Qd2 Qe5 26. b4 cxb4 27. axb4 Ng4 28. Qd1 Nf6 29. Qd2 b6 30. Qa2 a5 31. c5 axb4 32. cxb6 Nd7 33. Qa4 Nxb6 34. Qxb4 Nbd5 35. Qb1 Qxf5 36. f3 Nf6 37. fxe4 Nxe4 38. Qb2+ Kg6 39. Qb6+ Qe6 40. Qxe6+ fxe6 41. Be1 Kf5 42. g3 Nd5 43. Be2 Ke5 44. Kg2 Kd4 45. Kf3 h5 46. h3 Ne3 47. g4 h4 48. Ba5 Nd5 49. Ba6 Nc5 50. Bf1 e5 51. Bd8 e4+ 52. Kf2 e3+ 53. Kf3 Ne4 54. Ba6 Nd2+ 55. Kg2 Nf4+ 56. Kh2 Nf3+ 57. Kh1 e2 58. Bxe2 Nxe2 59. Kg2 Ke4 60. Kh1 Nf4 61. Bc7 Nxh3 62. Kg2 Nf4+ 63. Kh1 Ne5 64. Bd8 Ne6 65. Be7 Kf4 66. Bd6 Nd4 67. Kh2 Kxg4 68. Kg2 Ng6 69. Bc7 Nf4+ 70. Kh2 Kf3 71. Bd8 Nde6 72. Be7 h3 73. Kh1 g4 74. Kh2 g3+ 75. Kh1 g2+ 76. Kh2 Ne2 0-1

[Event "London Psyon"]
[Site "London"]
[Date "2023.08.09"]
[Round "5"]
[White "Bezuidenhout, Roland Reinhold"]
[Black "Large, Peter G"]
[Result "1/2-1/2"]
[WhiteElo "2248"]
[BlackElo "2286"]
[PlyCount "46"]
[EventDate "2023.08.07"]
[EventType "tourn"]
[EventRounds "9"]
[EventCountry "ENG"]
[SourceTitle "CBM 215 Extra"]
[Source "ChessBase"]
[SourceDate "2023.09.30"]
[SourceVersion "1"]
[SourceVersionDate "2023.09.30"]
[SourceQuality "1"]

1. c4 b6 2. d4 Bb7 3. Nc3 e6 4. a3 Nf6 5. d5 Bd6 6. Nf3 0-0 7. g3 Ba6 8. Qa4 Qe7 9. Bg5 h6 10. Bxf6 Qxf6 11. Bg2 exd5 12. cxd5 Re8 13. 0-0 Qd8 14. Rfe1 Bb7 15. Rad1 Bf8 16. Qg4 d6 17. Nd4 Nd7 18. f4 g6 19. e4 Bg7 20. h4 Nf6 21. Qf3 Nxd5 22. Nxd5 Bxd5 23. Nf5 Bb7 1/2-1/2

[Event "Kingston-A 2nd"]
[Site "Kingston Upon Thames"]
[Date "2023.07.27"]
[Round "7"]
[White "Baker, Chris W"]
[Black "Bezuidenhout, Roland Reinhold"]
[Result "1/2-1/2"]
[WhiteElo "2254"]
[BlackElo "2217"]
[PlyCount "59"]
[EventDate "2023.07.24"]
[EventType "tourn"]
[EventRounds "9"]
[EventCountry "ENG"]
[EventCategory "1"]
[SourceTitle "CBM 215 Extra"]
[Source "ChessBase"]
[SourceDate "2023.09.30"]
[SourceVersion "1"]
[SourceVersionDate "2023.09.30"]
[SourceQuality "1"]

1. e4 d6 2. d4 Nf6 3. Nc3 e5 4. Nf3 Nbd7 5. Bc4 Be7 6. a4 c6 7. 0-0 0-0 8. h3 h6 9. Re1 a5 10. Ba2 Qc7 11. Nh4 exd4 12. Qxd4 Nc5 13. Ng6 Rd8 14. Bf4 Ne6 15. Bxe6 Bxe6 16. Nxe7+ Qxe7 17. Rad1 d5 18. Be5 Nxe4 19. Bxg7 Qg5 20. Be5 Bxh3 21. g3 c5 22. Nxe4 dxe4 23. Qxe4 Rxd1 24. Rxd1 Re8 25. Re1 f6 26. Qc4+ Be6 27. Bf4 Bxc4 28. Rxe8+ Kf7 29. Bxg5 Kxe8 30. Bxf6 1/2-1/2

[Event "London Mindsports IM"]
[Site "London"]
[Date "2022.09.09"]
[Round "1"]
[White "Bezuidenhout, Roland Reinhold"]
[Black "Large, Peter G"]
[Result "0-1"]
[WhiteElo "2269"]
[BlackElo "2298"]
[PlyCount "112"]
[EventDate "2022.09.09"]
[EventType "tourn"]
[EventRounds "9"]
[EventCountry "ENG"]
[EventCategory "2"]
[SourceTitle "CBM 210 Extra"]
[Source "ChessBase"]
[SourceDate "2022.11.30"]
[SourceVersion "1"]
[SourceVersionDate "2022.11.30"]
[SourceQuality "1"]

1. e4 e6 2. d3 d5 3. Qe2 Nf6 4. Nf3 c5 5. g3 Nc6 6. Bg2 Be7 7. 0-0 b6 8. e5 Nd7 9. c4 Nf8 10. h4 h6 11. Nc3 Bb7 12. h5 Qd7 13. Rd1 d4 14. Ne4 Qc7 15. Bf4 g5 16. Nd6+ Bxd6 17. exd6 Qd8 18. Bd2 Qxd6 19. a3 Nd7 20. b4 0-0-0 21. b5 Na5 22. Bxa5 bxa5 23. Nd2 f5 24. Bxb7+ Kxb7 25. Nb3 Qb6 26. a4 g4 27. Qe1 Ka8 28. Nxa5 Qd6 29. Kh2 Ne5 30. Qh1+ Nf3+ 31. Kg2 Rc8 32. Nb3 Rhe8 33. Nd2 Ng5 34. Kf1+ Kb8 35. a5 e5 36. Re1 Re7 37. Rab1 Rce8 38. Qc6 Qxc6 39. bxc6+ Kc7 40. Rb5 Nf3 41. Nxf3 gxf3 42. Rxc5 Kd6 43. Rd5+ Kxc6 44. Rb1 Rd7 45. Rdb5 Kd6 46. Ke1 Ke6 47. Kd2 Kf6 48. Rb7 Rxb7 49. Rxb7 e4 50. Rxa7 e3+ 51. Ke1 Kg5 52. Rg7+ Kxh5 53. a6 Re5 54. g4+ Kh4 55. fxe3 dxe3 56. Kf1 e2+ 0-1

[Event "Newcastle Northumbria Masters"]
[Site "Newcastle on Tyne"]
[Date "2022.08.27"]
[Round "3"]
[White "Gormally, Daniel"]
[Black "Bezuidenhout, Roland Reinhold"]
[Result "1-0"]
[WhiteElo "2466"]
[BlackElo "2269"]
[PlyCount "101"]
[EventDate "2022.08.26"]
[EventType "swiss"]
[EventRounds "9"]
[EventCountry "ENG"]
[SourceTitle "CBM 210 Extra"]
[Source "ChessBase"]
[SourceDate "2022.11.30"]
[SourceVersion "1"]
[SourceVersionDate "2022.11.30"]
[SourceQuality "1"]

1. d4 e6 2. e4 d5 3. Nd2 Nf6 4. e5 Nfd7 5. Bd3 c5 6. c3 Nc6 7. Ngf3 Be7 8. 0-0 a6 9. Re1 Qc7 10. Nf1 h6 11. Ne3 c4 12. Bf1 b5 13. b3 Nb6 14. Rb1 Bd7 15. Re2 g5 16. Ng4 0-0-0 17. Nf6 Na5 18. Nxd7 Qxd7 19. Rc2 Rdg8 20. Nd2 Kc7 21. Be2 Rf8 22. Bh5 Rhg8 23. Nf1 Nc6 24. Ne3 f5 25. exf6 Rxf6 26. Ng4 Rff8 27. Re2 Bd6 28. Qe1 Nd8 29. g3 Qh7 30. Rbb2 Qd3 31. Re3 Qf5 32. Rbe2 Nd7 33. Rxe6 Nxe6 34. Rxe6 Rf6 35. Nxf6 Nxf6 36. Bf7 Rf8 37. Rxf6 Qxf6 38. Bxd5 cxb3 39. axb3 h5 40. c4 Kd7 41. Be3 bxc4 42. bxc4 h4 43. Qb1 hxg3 44. hxg3 Rb8 45. Qe4 Be7 46. c5 Rb4 47. Qd3 a5 48. Bg2 a4 49. d5 Qa1+ 50. Bf1 Qb1 51. Qa6 1-0

[Event "Newcastle Northumbria Masters"]
[Site "Newcastle on Tyne"]
[Date "2022.08.26"]
[Round "1"]
[White "Hobson, Kenneth"]
[Black "Bezuidenhout, Roland Reinhold"]
[Result "0-1"]
[WhiteElo "1884"]
[BlackElo "2269"]
[PlyCount "92"]
[EventDate "2022.08.26"]
[EventType "swiss"]
[EventRounds "9"]
[EventCountry "ENG"]
[SourceTitle "CBM 210 Extra"]
[Source "ChessBase"]
[SourceDate "2022.11.30"]
[SourceVersion "1"]
[SourceVersionDate "2022.11.30"]
[SourceQuality "1"]

1. e4 e6 2. b3 d5 3. Bb2 Nc6 4. e5 Nge7 5. Nf3 Ng6 6. h4 d4 7. Bb5 Bd7 8. Qe2 a6 9. Bd3 Nf4 10. Qe4 Nxd3+ 11. cxd3 Nb4 12. Nxd4 Bc5 13. 0-0 Bxd4 14. Qxd4 Nc2 15. Qg4 0-0 16. Nc3 Nxa1 17. Bxa1 Bb5 18. Re1 Bxd3 19. Qh3 h5 20. g4 hxg4 21. Qxg4 Bf5 22. Qf4 Qd3 23. h5 Qh3 24. Re3 Qg4+ 25. Qxg4 Bxg4 26. h6 Bf5 27. Rg3 g6 28. Na4 Rad8 29. d4 b6 30. Bb2 Kh7 31. Rc3 Rd7 32. Ba3 Rfd8 33. Kh2 b5 34. Nc5 Rxd4 35. Nxa6 Rh4+ 36. Kg2 b4 37. Bxb4 Rd3 38. Rxc7 Be4+ 39. Kf1 Bf3 40. Rxf7+ Kxh6 41. Bf8+ Kh5 42. Rh7+ Kg5 43. Be7+ Kf5 44. Rf7+ Kg4 45. Rxf3 Kxf3 46. Bxh4 Rd1# 0-1

[Event "Daventry 4NCL Easter op-A 2nd"]
[Site "Daventry"]
[Date "2022.04.17"]
[Round "4"]
[White "Bezuidenhout, Roland Reinhold"]
[Black "Hebden, Mark"]
[Result "1/2-1/2"]
[WhiteElo "2262"]
[BlackElo "2448"]
[PlyCount "117"]
[EventDate "2022.04.15"]
[EventType "swiss"]
[EventRounds "7"]
[EventCountry "ENG"]
[SourceTitle "CBM 207 Extra"]
[Source "ChessBase"]
[SourceDate "2022.05.31"]
[SourceVersion "1"]
[SourceVersionDate "2022.05.31"]
[SourceQuality "1"]

1. e4 e5 2. Bc4 Nf6 3. d3 Nc6 4. Nc3 Na5 5. Bb3 Nxb3 6. axb3 d6 7. f4 exf4 8. Bxf4 Be7 9. Nf3 0-0 10. 0-0 d5 11. e5 Ne8 12. Qe1 c5 13. Qg3 Nc7 14. Bd2 Bf5 15. Ne2 Ne6 16. h4 c4 17. Ng5 cxd3 18. cxd3 Bg6 19. Nxe6 fxe6 20. Rxf8+ Bxf8 21. Qh3 Qb6+ 22. d4 Be7 23. Rf1 Rf8 24. Rxf8+ Bxf8 25. h5 Bf5 26. g4 Bc2 27. g5 Bxb3 28. g6 Bc2 29. gxh7+ Bxh7 30. h6 Bf5 31. Qh4 Qc7 32. Ng3 Bg6 33. Bg5 gxh6 34. Be3 Kh7 35. Nh5 Bxh5 36. Qxh5 Qg7+ 37. Kf2 Qg6 38. Qh4 Qc2+ 39. Kf3 Kg6 40. Qf6+ Kh7 41. Qxf8 Qe4+ 42. Kf2 Qc2+ 43. Ke1 Qb1+ 44. Ke2 Qc2+ 45. Bd2 Qe4+ 46. Kd1 Qb1+ 47. Bc1 Qd3+ 48. Bd2 Qb1+ 49. Ke2 Qe4+ 50. Be3 Qc2+ 51. Ke1 Qb1+ 52. Kf2 Qc2+ 53. Kg3 Qg6+ 54. Kh4 Qe4+ 55. Qf4 Qg6 56. Qg4 Qb1 57. Qf4 Qg6 58. Qf8 Qe4+ 59. Qf4 1/2-1/2

[Event "Daventry 4NCL Easter op-A 2nd"]
[Site "Daventry"]
[Date "2022.04.15"]
[Round "1"]
[White "Bezuidenhout, Roland Reinhold"]
[Black "Southcott Moyers, Indy"]
[Result "1-0"]
[WhiteElo "2262"]
[BlackElo "2052"]
[PlyCount "119"]
[EventDate "2022.04.15"]
[EventType "swiss"]
[EventRounds "7"]
[EventCountry "ENG"]
[SourceTitle "CBM 207 Extra"]
[Source "ChessBase"]
[SourceDate "2022.05.31"]
[SourceVersion "1"]
[SourceVersionDate "2022.05.31"]
[SourceQuality "1"]

1. e4 e5 2. Nf3 Nc6 3. Bb5 a6 4. Ba4 Nf6 5. 0-0 Be7 6. Bxc6 dxc6 7. d3 Bd6 8. Nbd2 Be6 9. b3 Nd7 10. Nc4 f6 11. Ne3 Qe7 12. Bd2 Bc5 13. h3 0-0-0 14. Rb1 g5 15. Nf5 Bxf5 16. exf5 Rdg8 17. b4 Ba7 18. Re1 h5 19. Qe2 g4 20. Nh4 Qg7 21. Be3 Bxe3 22. Qxe3 gxh3 23. Qxh3 Qg4 24. Re3 Nf8 25. Qxg4 Rxg4 26. g3 Rh7 27. Kh2 Rhg7 28. c3 Kd8 29. Rbe1 Nd7 30. d4 Rg8 31. Nf3 exd4 32. Nxd4 Nb6 33. Ne6+ Kc8 34. Nc5 Kb8 35. a4 h4 36. Re8+ Rxe8 37. Rxe8+ Ka7 38. Re4 hxg3+ 39. fxg3 Rxe4 40. Nxe4 Nd5 41. g4 a5 42. bxa5 Ka6 43. Kg3 Kxa5 44. c4 Ne7 45. Nxf6 Kxa4 46. Ne8 b5 47. f6 Ng6 48. cxb5 cxb5 49. Nxc7 b4 50. Ne6 Kb5 51. Nf4 b3 52. Nxg6 b2 53. f7 b1Q 54. f8Q Qxg6 55. Qf5+ Qxf5 56. gxf5 Kc6 57. Kf4 Kd7 58. Kg5 Ke7 59. Kg6 Kf8 60. Kf6 1-0